Datum a čas kvízu
22.5
Celkem bodů
Celkový počet nahraných bodů na tomto kvízu bez doplňovacích otázek.
9.
Pořadí na kvízu
Konečné umístění týmu na tomto kvízu.
Zaznamenané odpovědi
| # | Otázka | Odpověď | Body | Výsledky |
|---|---|---|---|---|
| 1. | Nezvyklou předehru měl odlet č... | drogy | 0 | |
| 2. | Tisíce lidí se v neděli v podv... | V Polsku. | 1 | |
| 3. | Na výstavě EXPO v Dubaji byla... | David, Michelangelo (Buonarotti) | 1 | |
| 4. | Společnost Blue Origin Jeffa B... | James T. Kirk | 1 | |
| 5. | Vedení českého hokeje minulý č... | Ondřeje Paláta | 0 | |
| -14. | Po Středočeském kraji nás v da... | Opyš | 0 | |
| -13. | Oblíbenou atrakcí našeho hlavn... | Nebozízek | 0 | |
| -12. | Místem, které rozhodně stojí z... | Moja | 1 | |
| -11. | K nejpůsobivějším gotickým sta... | Staroměstská mostecká věž | 0 | |
| -10. | Seřaďte následující zahraniční... | 1D 2A 3B 4C | 0 |